000 00939nam a22002657a 4500
005 20120514112731.0
008 120514t xxu||||| |||| 00| 0 eng d
010 _aENG-105257
020 _a9788124605530
_c350.00
020 _a812460553x
_c350.00
035 _aEN-88790
037 _bDBAD/PUB
040 _aDPL
_bEng
082 _a181.4
100 _946773
_aRamamurty, A.
245 _aPhilosophy of Brahman /
_cby A. Ramamurty
260 _aNew Delhi
_bD.K. Printworld
_c2010
270 _a'Srikunj', F-52, Bali Nagar, Ramesh Nagar Metro Station
_bNew Delhi
_e15
300 _avi,142p.
_c23cm(Hb)
500 _aIncludes bibliographical references and index
650 _aHindu philosophy
_947055
650 _aBrahman
_947056
942 _2ddc
_cEN
_h181.4
_mRAM
999 _c66564
_d66564